header

National capitalisms, global competition, and economic performance (Record no. 2690)

MARC details
000 -LEADER
fixed length control field 01620nam a2200409 a 4500
082 04 - DEWEY DECIMAL CLASSIFICATION NUMBER
Classification number 330.122094
245 00 - TITLE STATEMENT
Title National capitalisms, global competition, and economic performance
260 ## - PUBLICATION, DISTRIBUTION, ETC. (IMPRINT)
Place of publication Amsterdam ;
-- [Great Britain] :
Name of publisher John Benjamins,
Year of publication c2000.
300 ## - PHYSICAL DESCRIPTION
Number of Pages xii, 322 p. :
Other physical details ill.
490 1# - SERIES STATEMENT
Series statement Advances in organization studies ;
650 #0 - SUBJECT ADDED ENTRY--TOPICAL TERM
Topical Term Corporate culture
Topical Term Management
Topical Term Capitalism
Topical Term Competition, International
700 1# - ADDED ENTRY--PERSONAL NAME
Personal name Quack, Sigrid.
Personal name Morgan, Glenn.
Personal name Whitley, Richard.
856 40 - ELECTRONIC LOCATION AND ACCESS
Uniform Resource Identifier http://site.ebrary.com/lib/rucke/Doc?id=5000204

No items available.

© 2026 Rongo University
Contact us: librarian | system librarian | Rongo university